000 00649nam a2200217Ia 4500
003 OSt
005 20230413112556.0
008 210423s2019 xx 000 0 und d
020 _a978-93-5316-484-3
040 _cAL
041 _aeng
082 _a032.02
_223
_bMEHI
100 _aMEHRISHI (Rajiv)
_987812
245 _aIndia 2019 for civil services and all other competitive examinations
260 _aChennai
_bMcGrawhill Education
_c2019
300 _axxi,680
_bPB
365 _b485
_cINR
650 _aGeneral Knowledge
_987813
906 _a2019: ; all ; civil ; competitive ; examinations ; India ; other ; services
942 _2ddc
_cBK
999 _c169914
_d169914